000 00681nam a2200205 a 4500
001 000874080
003 AM-YeHGA
005 20250617161129.0
008 120314s1965 un r 000 0 rus d
040 _aAM-YeHGA
041 0 _arus
100 1 _aСавковский, Петр Петрович
245 1 0 _aАтлас вредителей плодовых и ягодных культур /
_cП.П. Савковский.
260 _aКиев :
_bУрожай,
_c1965.
300 _a262 с. :
_bил., цв. ил. ;
_c26 см.
504 _aБиблиогр. : с. 257-261
650 1 4 _aПлодоводство
650 1 4 _aЯгодоводство
090 _c469337
999 _c466127
_d466127